000 00462nam a2200157Ia 4500
008 190805s9999||||xx |||||||||||||| ||und||
020 _a9788122316490
_cRs. 220.00
082 0 4 _a155.25
_bV4267
100 1 _aVarghese, P. A.
245 1 0 _a365 Ways To Bring Change In Your Life /
_c P.A. Varghese
260 _aNew Delhi :
_bPustak Mahal,
_c2018
300 _a212 p.
_b :
_c; 24 cm.
650 0 _aPersonality development
942 _cBK
999 _c401
_d401